Catálogo público

Caracterización del queso crema de Chiapas elaborado en las regiones costa y centro-frailesca (Record no. 103350)

MARC details
000 -CABECERA
campo de control de longitud fija 01406nam a22003617a 4500
003 - IDENTIFICADOR DEL NÚMERO DE CONTROL
campo de control CHAP
005 - FECHA Y HORA DE LA ÚLTIMA TRANSACCIÓN
campo de control 20220329143906.0
008 - DATOS DE LONGITUD FIJA--INFORMACIÓN GENERAL
campo de control de longitud fija 120613s2011 mx r 00010 spa d
010 ## - NÚMERO DE CONTROL DE LA BIBLIOTECA DEL CONGRESO
Número de control de LC 103350
011 ## - ENLACE DEL NUMERO DE CONTROL DE LA BIBLIOTECA DEL CONGRESO [OBSOLETO]
Número de control de LC 104322
035 ## - NÚMERO DE CONTROL DEL SISTEMA
Número de control de sistema 115012
040 ## - FUENTE DE LA CATALOGACIÓN
Centro/agencia transcriptor CHAP
090 ## - LOCALMENTE ASIGNADO TIPO-LC NÚMERO DE CLASIFICACIÓN (OCLC); NÚMERO DE CLASIFICACIÓN LOCAL (RLIN)
Número de clasificación (OCLC) (R) ; Numero de clasificación, CALL (RLIN) (NR) Tesis
100 1# - ENTRADA PRINCIPAL--NOMBRE DE PERSONA
Nombre de persona Corchado Navarro, Pilar
9 (RLIN) 27932
245 10 - MENCIÓN DE TÍTULO
Título Caracterización del queso crema de Chiapas elaborado en las regiones costa y centro-frailesca
Medio [En línea]
Mención de responsabilidad, etc. /por Pilar Corchado Navarro
260 ## - PUBLICACIÓN, DISTRIBUCIÓN, ETC.
Lugar de publicación, distribución, etc. Chapingo, Méx. :
Nombre del editor, distribuidor, etc. El autor,
Fecha de publicación, distribución, etc. 2011
500 ## - NOTA GENERAL
Nota general Para ver el contenido del material haga clic en la liga
502 ## - NOTA DE TESIS
Nota de tesis Tesis (M C. en Ciencia y Tecnología Agroalimentaría) -- UACH. Departamento de Ingeniería Industrial
590 ## - NOTA LOCAL (RLIN)
Nota local ALEPH
Procedencia (VM) [OBSOLETO] 10
Condición del los carretes individuales (VM) [OBSOLETO] 20130110
-- UCH01
-- 1544
590 ## - NOTA LOCAL (RLIN)
Nota local BATCH-UPD
Procedencia (VM) [OBSOLETO] 10
Condición del los carretes individuales (VM) [OBSOLETO] 20130110
-- UCH01
-- 1747
590 ## - NOTA LOCAL (RLIN)
Nota local BATCH-UPD
Procedencia (VM) [OBSOLETO] 10
Condición del los carretes individuales (VM) [OBSOLETO] 20140324
-- UCH01
-- 1530
590 ## - NOTA LOCAL (RLIN)
Nota local BATCH-UPD
Procedencia (VM) [OBSOLETO] 10
Condición del los carretes individuales (VM) [OBSOLETO] 20141002
-- UCH01
-- 0853
590 ## - NOTA LOCAL (RLIN)
Nota local BATCH
Procedencia (VM) [OBSOLETO] 00
Condición del los carretes individuales (VM) [OBSOLETO] 20181121
-- UCH01
-- 0759
590 ## - NOTA LOCAL (RLIN)
Nota local CONVERSION
Procedencia (VM) [OBSOLETO] 10
Condición del los carretes individuales (VM) [OBSOLETO] 20130109
-- UCH01
-- 1357
650 04 - PUNTO DE ACCESO ADICIONAL DE MATERIA--TÉRMINO DE MATERIA
Término de materia o nombre geográfico como elemento de entrada Queso crema
Subdivisión geográfica Chiapas.
9 (RLIN) 93241
650 04 - PUNTO DE ACCESO ADICIONAL DE MATERIA--TÉRMINO DE MATERIA
Término de materia o nombre geográfico como elemento de entrada Queso
Subdivisión general Procesado.
9 (RLIN) 93233
856 ## - LOCALIZACIÓN Y ACCESO ELECTRÓNICOS
Especificación de materiales Finding aid
Identificador Uniforme del Recurso <a href="http://10.13.5.2/tesis/115012.pdf">http://10.13.5.2/tesis/115012.pdf</a>
Nota pública Teclea aqui
856 ## - LOCALIZACIÓN Y ACCESO ELECTRÓNICOS
Nombre del host 1
Nombre de la localización del host 0001707
901 ## - ELEMENTOS DE DATOS A LOCAL LDA (RLIN)
a BK
942 ## - ELEMENTOS DE PUNTO DE ACCESO ADICIONAL (KOHA)
Tipo de ítem Koha Folleto
949 ## - PROCESAMIENTO DE INFORMACIÓN LOCAL (OCLC)
a Tesis
b BC
c TES
d 33724002325248
e TS2
f c.2
h 53437
i 115012
s t
949 ## - PROCESAMIENTO DE INFORMACIÓN LOCAL (OCLC)
a Tesis
b BC
c TES
d 33724002325280
e TS1
g DonciØn
h 53436
i 115012
s t
Holdings
Estado de retiro Estado de pérdida Fuente del sistema de clasificación o colocación Estado dañado Restricciones de uso No para préstamo Código de colección Localización permanente Ubicación/localización actual Ubicación en estantería Fecha de adquisición Fuente de adquisición Información codificada de la localización en otra ubicación Total de préstamos Signatura topográfica completa Código de barras Fecha visto por última vez Número de copia Precio válido a partir de Tipo de ítem Koha
    Clasificación Universidad Autónoma de Chapingo   Préstamo 3 días   Tesis Biblioteca Central Biblioteca Central Planta alta - Área de Tesis - Tesis 31/12/2019 Doncion TESIS   Tesis 33724002325248 31/12/2019 c.2 31/12/2019 Tesis
    Clasificación Universidad Autónoma de Chapingo   Préstamo interno   Tesis Biblioteca Central Biblioteca Central Planta alta - Área de Tesis - Tesis 31/12/2019   TESIS   Tesis 33724002325280 31/12/2019   31/12/2019 Tesis